| 000 | 01348cam a2200325 i 4500 | ||
|---|---|---|---|
| 999 |
_c200441154 _d59366 |
||
| 003 | TR-AnTOB | ||
| 005 | 20230321161159.0 | ||
| 007 | ta | ||
| 008 | 750520s1974 fr b 100 0 eng | ||
| 020 | _a9264112057 : | ||
| 040 |
_aDLC _beng _erda _cDLC _dOCL _dUtOrBLW _dTR-AnTOB |
||
| 041 | 0 | _aeng | |
| 050 | 0 | 4 |
_aHD6961 _b.P76 1974 |
| 090 |
_aHD6961 _b.P76 1974 |
||
| 245 | 0 | 0 |
_aProspects for labour-management co-operation in the enterprise : _bregional joint seminar, Paris, 24th-27th October, 1972 : final report. |
| 264 | 1 |
_aParis : _bOrganisation for Economic Co-operation and Development, _c1974. |
|
| 300 |
_a278 pages ; _c27 cm |
||
| 336 |
_atext _btxt _2rdacontent |
||
| 337 |
_aunmediated _bn _2rdamedia |
||
| 338 |
_avolume _bnc _2rdacarrier |
||
| 490 | 0 |
_aInternational seminars ; _v1972-2. |
|
| 500 | _a"Organized under the OECD Labour/Management Programme in co-operation with the Trade Union Advisory Committee and the Business and Industry Advisory Committee." | ||
| 504 | _aBIB | ||
| 650 | 0 |
_aIndustrial relations _vCongresses _9135758 |
|
| 710 | 2 |
_aOrganisation for Economic Co-operation and Development. _bTrade Union Advisory Committee _9140292 |
|
| 775 |
_tPerspectives de la coopération employeurs/travailleurs dans l'entreprise _w(TR-AnTOB)200452604 |
||
| 942 |
_2lcc _cBK |
||